000 00553 a2200181 4500
003 OSt
005 20260324125504.0
008 231206b |||||||| |||| 00| 0 eng d
020 _a9788184234992
040 _coclc
082 _a892.7301
_bBUR/A
100 _aBurton, Richard F.
_910056
245 _aAyirathonnu Arabian Ravukal= Tales from 1001 Arabian nights /
_cRichard F. Burton
250 _a1st ed.
260 _aThrissur:
_bGreen Books,
_c2016.
300 _a776p.
942 _2ddc
_cBK
_h892.7301
_iBUR/A
_k892.7301
_mBUR/A
999 _c43997
_d43997